1562 1239 1370 1779 1753 1356 1718 1113 1962 1552 1331 1330 1155 1410 1206 1492 1748 1155 1772 1188 1513 1096 1828 1017 1872 1151 1715 1116 1831 1992 1505 1806 1215 1370 1895 1512 1104 1638 1819 1722 1224 1892 1355 1808 1535 1222 1284 1293 1989 1487 1222 1290 1609 1259 1583 1117 1855 1747 1017 1394 1355 1594 1644 1138 1551 1515 1626 1100 1733 1662 1341 1123 1789 1404 1424 1359 1415 1417 1841 1692 1182 1165 1010 1042 1626 1058 1484 1161 1051 1079 1365 1254 1392 1839 1227 1624 1736 1216 1054 BCNSPRNW ULIB Ver.6.0+V

เปลี่ยนเป็นภาษาไทย

Change to English
 แสดงรายละเอียดบรรณานุกรม
  กลับหน้าหลัก

Brief Record : Get Marc (ISO 2709) : E-mail record : QR code < ปิดหน้าต่าง
LEADER : 00000nam 2200000uu 4500
001    13399120516
003     ULIB
008    120921s2549||||th 000 0 tha d
020    ^a9749443020 (เล่ม 2)
060 04 ^aWB935^bม530ม ล.2 2549
100 0  ^aมาศ ไม้ประเสริฐ
245 10 ^aมาดหมอแบบหมอมาศ 2 /^cมาศ ไม้ประเสริฐ ; เรียบเรียงโดย ป๋วยใจไทย
250    ^aพิมพ์ครั้งที่ 1
260    ^aกรุงเทพฯ :^bหมอมาศ,^c2549
300    ^a2 เล่ม :^bภาพประกอบ ;^c23 ซม.
650  7 ^aการรักษาด้วยธรรมชาติ
650  7 ^aโภชนบำบัด
650  7 ^aการดูแลสุขภาพด้วยตนเอง
650  7 ^aการดูแลตนเอง
650  7 ^aสุขภาพ
700 0  ^aป๋วย ใจไทย
945    ^p350^l0^i14144
995    ^aกัณชพร
999 ^a ใช้งานได้ทุกระบบ
รายการนี้ยังไม่มีแท็ก
คุณยังไม่ได้ล็อกอิน คุณสามารถมีกิจกรรมร่วมกับเว็บไซต์ได้ แต่ต้องล็อกอินก่อน ::
  ล็อกอิน

รายการสื่อสารสนเทศ

ลำดับที่ ประเภท เลขเรียก/บาร์โค้ด สถานที่ สถานะ
1. วิทยาศาสตร์การแพทย์ และสุขภาพ
วิทยาศาสตร์การแพทย์ และสุขภาพ
WB935 ม530ม ล.2 2549  
  Barcode: 14144
ห้องสมุดวิทยาเขตสวรรค์ประชารักษ์
►หนังสือทั่วไป
บนชั้น

รายการใกล้เคียง
    ผู้แต่ง [มาศ ไม้ประเสริฐ]

    หัวเรื่อง [การรักษาด้วยธรรมชาติ]
    หัวเรื่อง [โภชนบำบัด]
    หัวเรื่อง [การดูแลสุขภาพด้วยตนเอง]
    หัวเรื่อง [การดูแลตนเอง]
    หัวเรื่อง [สุขภาพ]

BibComment


ยังไม่เคยถูกคอมเมนท์

คอมเมนท์ทรัพยากรรายการนี้
  คอมเมนท์: มาดหมอแบบหมอมาศ ..


 Copyright 2026. Bcnsprnw @Library